[Event "Baku FIDE GP"]
[Site "Baku"]
[Date "2008.04.22"]
[Round "2"]
[White "Svidler, Peter"]
[Black "Carlsen, Magnus"]
[Result "1/2-1/2"]
[WhiteElo "2746"]
[BlackElo "2765"]
[PlyCount "85"]
[EventDate "2008.04.21"]
[EventType "tourn"]
[EventRounds "13"]
[EventCountry "AZE"]
[EventCategory "19"]
[SourceTitle "CBM 124"]
[Source "ChessBase"]
[SourceDate "2008.05.28"]
[SourceVersion "1"]
[SourceVersionDate "2008.05.28"]
[SourceQuality "1"]

1. e4 e5 2. Nf3 Nc6 3. Bb5 a6 4. Ba4 Nf6 5. O-O Nxe4 6. d4 b5 7. Bb3 d5 8. dxe5 Be6 9. Be3 Bc5 10. Qd3 O-O 11. Nc3 Nb4 12. Qe2 Nxc3 13. bxc3 Bxe3 14. Qxe3 Nc6 15. a4 Qe7 16. Rfd1 Rfd8 17. h3 h6 18. Nd4 Nxd4 19. cxd4 c5 20. dxc5 Rac8 21. axb5 axb5 22. Rd4 $146 ({RR} 22. Ra6 Qxc5 23. Qxc5 Rxc5 24. Rd4 Kf8 25. Ra7 g5 26. Rb7 Bf5 27. Rd1 Re8 28. Rxd5 Rxd5 29. Bxd5 Rxe5 30. c4 bxc4 31. Rxf7+ Ke8 32. Bxc4 Bd3 33. Bb3 Bc2 34. Rf3 Bxb3 35. Rxb3 Kf7 36. Rb6 Kg7 {Lagarde,M (2613)-Grandelius,N (2651) Bydgoszcz 2022 ½-½ (49)}) ({RR} 22. Ra6 Qxc5 23. Qxc5 Rxc5 24. Rd4 Kf8 25. Ra7 g5 26. Rb7 Bf5 27. Rd1 Re8 28. Rxd5 Rxd5 29. Bxd5 Rxe5 30. c4 bxc4 31. Rxf7+ Ke8 32. Bxc4 Bd3 33. Bb3 Bc2 34. Rf3 Bxb3 35. Rxb3 Kf7 36. Rb6 Kg7 {Lagarde,M (2613)-Grandelius,N (2651) Bydgoszcz 2022 ½-½ (49)}) 22... Rxc5 23. Rad1 Rdc8 24. Bxd5 Rxc2 25. Bxe6 Qxe6 26. Rd8+ Kh7 27. Rxc8 Qxc8 28. Qd3+ g6 29. Qxb5 Qc5 30. Qxc5 Rxc5 31. Re1 g5 32. e6 fxe6 33. Rxe6 Rc2 34. f3 Ra2 35. Kh2 Kg7 36. Re4 Kg6 37. h4 Ra6 38. Kh3 Kh5 39. Rc4 Rb6 40. Rc5 Kg6 41. Rc4 Kh5 42. Rc8 Kg6 43. Rc4 1/2-1/2

[Event "Baku FIDE GP"]
[Site "Baku"]
[Date "2008.04.25"]
[Round "5"]
[White "Carlsen, Magnus"]
[Black "Kamsky, Gata"]
[Result "1/2-1/2"]
[WhiteElo "2765"]
[BlackElo "2726"]
[PlyCount "101"]
[EventDate "2008.04.21"]
[EventType "tourn"]
[EventRounds "13"]
[EventCountry "AZE"]
[EventCategory "19"]
[SourceTitle "CBM 124"]
[Source "ChessBase"]
[SourceDate "2008.05.28"]
[SourceVersion "1"]
[SourceVersionDate "2008.05.28"]
[SourceQuality "1"]

1. e4 c6 2. d4 d5 3. Nc3 dxe4 4. Nxe4 Bf5 5. Ng3 Bg6 6. h4 h6 7. Nf3 Nd7 8. h5 Bh7 9. Bd3 Bxd3 10. Qxd3 e6 11. Bf4 Qa5+ 12. Bd2 Bb4 13. c3 Be7 14. c4 Qc7 15. O-O-O Ngf6 16. Kb1 O-O 17. Ne4 Rad8 18. Nxf6+ Nxf6 19. g4 Nxg4 20. Rhg1 f5 21. Qe2 Bf6 $146 ({RR} 21... Rf7 22. Qxe6 Qd6 23. Qe2 Bf6 24. Bc3 Qf4 25. Bd2 Qd6 26. Bc3 Qf4 27. Bd2 Qc7 28. Bc3 Re7 29. Ne5 Nxe5 30. dxe5 Rxd1+ 31. Qxd1 Bxe5 32. Bb4 Rd7 33. Qe2 c5 34. f4 Re7 35. fxe5 Rxe5 36. Ba5 {Van Foreest,J (2082)-Thingstad,E (2199) Maastricht 2011 0-1 (44)}) 22. Qxe6+ Kh8 23. Bb4 Rf7 24. Rd2 Qd7 25. Re1 Qxe6 26. Rxe6 Rfd7 27. Ba5 b6 28. Bc3 Rd6 29. Rxd6 Rxd6 30. Re2 Kg8 31. Kc2 Kf7 32. Ne5+ Nxe5 33. dxe5 Re6 34. f4 Be7 35. Rh2 g6 36. hxg6+ Rxg6 37. Kd2 Bf8 38. Bd4 Rg4 39. Be3 Kg6 40. Ke2 h5 41. Kf3 Be7 42. Bf2 h4 43. Rh1 Kf7 44. Rg1 h3 45. Rh1 Bh4 46. Bxh4 Rxh4 47. Kg3 Rg4+ 48. Kf3 Rh4 49. Kg3 Rg4+ 50. Kf3 Rh4 51. Kg3 1/2-1/2

[Event "Baku FIDE GP"]
[Site "Baku"]
[Date "2008.04.30"]
[Round "9"]
[White "Karjakin, Sergey"]
[Black "Carlsen, Magnus"]
[Result "1/2-1/2"]
[WhiteElo "2732"]
[BlackElo "2765"]
[PlyCount "109"]
[EventDate "2008.04.21"]
[EventType "tourn"]
[EventRounds "13"]
[EventCountry "AZE"]
[EventCategory "19"]
[SourceTitle "CBM 124"]
[Source "ChessBase"]
[SourceDate "2008.05.28"]
[SourceVersion "1"]
[SourceVersionDate "2008.05.28"]
[SourceQuality "1"]

1. e4 c5 2. Nf3 d6 3. d4 cxd4 4. Nxd4 Nf6 5. Nc3 g6 6. Be3 Bg7 7. f3 Nc6 8. Qd2 O-O 9. Bc4 Bd7 10. Bb3 Rc8 11. O-O-O Ne5 12. Kb1 Re8 13. h4 h5 14. Bh6 Nc4 15. Bxc4 Rxc4 16. Bxg7 Kxg7 17. Nd5 e5 18. Nxf6 Qxf6 19. Ne2 Rc6 20. Nc3 Be6 21. Nd5 Bxd5 22. Qxd5 Qf4 $146 ({RR} 22... Qe6 23. Qd3 Rec8 24. Rd2 Rb6 25. Rhd1 Rc5 26. Qe2 Ra5 27. Rd5 Rxd5 28. exd5 Qf6 29. c4 Qf5+ 30. Ka1 Qc8 31. a3 a5 32. Qc2 Ra6 33. Qe2 Ra8 34. g4 hxg4 35. fxg4 Qc7 36. g5 Rc8 37. Qf3 {Lobzhanidze,D (2463)-Reschke,S (2346) Frankfurt 2005 ½-½ (48)}) 23. Qd2 Qxd2 24. Rxd2 f5 25. Re1 Kf6 26. c3 Ke6 27. Kc2 fxe4 28. Rxe4 Rec8 29. Kd3 b5 30. a4 a6 31. axb5 axb5 32. Rb4 Rc5 33. Re2 Rd5+ 34. Kc2 Rc4 35. Kb3 Rxb4+ 36. Kxb4 Kd7 37. b3 Kc6 38. Ra2 Kb6 39. Re2 Rd1 40. f4 exf4 41. Re6 Kc6 42. Rxg6 Rh1 43. c4 bxc4 44. bxc4 Rxh4 45. Rg5 Rg4 46. Rxh5 Rxg2 47. Rf5 Rf2 48. Kc3 f3 49. Kd4 Rf1 50. Ke3 Ra1 51. Kxf3 Rf1+ 52. Ke4 Rxf5 53. Kxf5 Kc5 54. Ke6 Kxc4 55. Kxd6 1/2-1/2

[Event "Baku FIDE GP"]
[Site "Baku"]
[Date "2008.05.02"]
[Round "10"]
[White "Carlsen, Magnus"]
[Black "Navara, David"]
[Result "1/2-1/2"]
[WhiteElo "2765"]
[BlackElo "2672"]
[Annotator "Marin,Mihail"]
[PlyCount "90"]
[EventDate "2008.04.21"]
[EventType "tourn"]
[EventRounds "13"]
[EventCountry "AZE"]
[EventCategory "19"]
[SourceTitle "CBM 124"]
[Source "ChessBase"]
[SourceDate "2008.05.28"]
[SourceVersion "1"]
[SourceVersionDate "2008.05.28"]
[SourceQuality "1"]

1. e4 e5 2. Nf3 Nc6 3. Bb5 a6 4. Ba4 Nf6 5. O-O Be7 6. Re1 b5 7. Bb3 O-O 8. c3 d6 9. h3 Bb7 10. d4 Re8 11. Nbd2 Bf8 12. d5 Nb8 13. Nf1 Nbd7 14. N3h2 Nc5 15. Bc2 c6 16. b4 Ncd7 17. dxc6 Bxc6 18. Bg5 Qc7 {This seems to be Navarra's favourite move in this position.} ({I have examined the availanble material after} 18... h6 {in the notes to Leko,P (2753)-Adams,M (2726)/Wijk aan Zee NED 2008/CBM 122 (½-½, 98)}) 19. Bxf6 Nxf6 20. Ng4 Nxg4 ({Deviating from} 20... Be7 {Almasi,Z (2691)-Navara,D (2656)/Reggio Emilia 2008/CBM 122 (1-0, 58), which was analyzed in the notes to the aforementioned game.}) ({RR} 20... Be7 21. Nxf6+ Bxf6 22. Bb3 a5 23. bxa5 Rxa5 24. Qf3 Bd7 25. Ne3 Be6 26. Nd5 Bxd5 27. Bxd5 Rc8 28. Re3 Qd7 29. Rd1 Bd8 30. Qh5 Bb6 31. Rf3 Rf8 32. Bxf7+ Rxf7 33. Rxd6 Qa7 34. Qxf7+ Qxf7 35. Rxf7 {Almasi,Z (2691)-Navara,D (2656) Reggio Emilia 2008 1-0 (58)}) 21. hxg4 Bb7 $5 $146 {A new move. Black attacks the c3-pawn, while keeping the e4-pawn under pressure. These elements are aimed to prevent the transfer of the knight to d5.} ({Previously, Black has directed his bishop towards e6, in order to neutralize the white bishop, but did not achieve equality.} 21... Rac8 22. Bb3 Bd7 23. Rc1 Be7 24. Ne3 Bg5 25. Nd5 Qb8 26. Rc2 Rc6 27. g3 Qc8 28. f3 Be6 29. Qd3 Bd8 30. Kg2 $16 {[%cal Ge1h1] Jansa,V (2482)-Klovans,J (2433)/Arvier 2006/CBM 114 ext (1-0, 41)}) 22. Re3 {Both pawns are safely defended now, but the knight's access to e3 is (at least temporarily) blocked.} (22. Qd3 Rac8 23. Re3 Be7 {is similar.}) (22. Qf3 Rac8 23. Bb3 {is aimed to be slightly more tricky, but Black can react with} d5 $1 (23... Qxc3 $4 24. Qxf7+) (23... Re7 24. Rac1 $16 {[%cal Gf1e3]}) 24. Bxd5 Bxd5 25. exd5 Qxc3 $132 {[%csl Rb4,Gd6]}) ({RR} 22. Qf3 Rac8 23. Ne3 Qxc3 24. Bb3 Re7 25. Nd5 Bxd5 26. Qxc3 Rxc3 27. Bxd5 g6 28. a4 Bh6 29. axb5 axb5 30. Ra5 Kg7 31. Rxb5 Rc2 32. Rb1 Rec7 33. Rb7 Rxb7 34. Bxb7 Rc1+ 35. Rxc1 Bxc1 36. Bd5 Ba3 {Frolyanov,D (2546)-Esipenko,A (2682) Cheliabinsk 2020 ½-½ (43)}) 22... Be7 $146 ({RR} 22... g6 23. Bb3 Bh6 24. Rf3 Re7 25. Bd5 Rc8 26. Ng3 Bxd5 27. Qxd5 Qd7 28. Rd1 Re6 29. Ne2 Ree8 30. Qxd6 Qxg4 31. Qxa6 Rcd8 32. Rf1 Qxe4 33. Qxb5 f5 34. a4 Qc2 35. a5 e4 36. Rh3 Bg7 37. Nf4 {Djukic,N (2551)-Nikcevic,N (2451) Bijelo Polje 2016 1-0 (44)}) 23. Bb3 Bg5 {After having activated his darl-squared bishop with a manoeuvre typical for the Sveshnikov Sicilian, Black can live without fearing the manoeuvre e3-d5.} 24. Rf3 Rf8 25. Qe2 Bc8 {Once the main strategic problem has been solved, Black switches back to the approved plan, the transfer of his light-squared bishop to e6.} ({Delaying this manoeuvre for too long would leave him struggling, for instance} 25... a5 26. Rd1 g6 (26... Bc8 $1) 27. Qd3 {[%csl Ge4][%cal Gf1e3]} Kg7 28. Ne3 Bxe3 29. Rxe3 $14) 26. Rd1 Be6 27. Ne3 Bxe3 $1 28. Rxe3 a5 29. Bxe6 fxe6 30. a3 axb4 31. cxb4 Qd7 {Black has slightly more space and the more compact pawn structure. The weakness of the backward a3- and d6-pawns is not equivalent, because after the eventiual elimination of the d6-pawn, Black's entire kingside would become weak. However, the complete absence of minor pieces makes Black's position entirely viable.} 32. g5 Rac8 33. Red3 Rc6 34. R3d2 Ra6 $5 {Navara does not wish to defend his b-pawn passively and allows a small tactical trick, leading to an exchange of pawns that, from strategic point of view, favours White (as mentioned above).} (34... Rb6) (34... Rb8) 35. a4 $1 Rxa4 36. Rxd6 Qf7 {This is Black's point. Once his queen has been freed from the defence of the d6-pawn, she can put up pressure against f2.} 37. Rd8 $6 {After this hurried exchange, White will lose a pawn without getting to create dangerous threats against the enemy king.} ({More consistent would have been} 37. Rb1 {, maintaining the pressure. In this case, Black would have been remained under some pressure because of his weak e-pawns.}) 37... Rxb4 38. R1d7 Qf4 (38... Rb1+ 39. Kh2 Qf4+ 40. g3 Qxg5 {would have won a second pawn, but after} 41. Rxf8+ Kxf8 {[%cal Gg5h6,Gh6h1]} 42. Kg2 $1 {White avoids any immediate threats against his own king and is ready to start his own attack.}) 39. Qa2 Rb1+ $1 $11 {Forcing a draw by perpetual.} 40. Qxb1 Qxf2+ 41. Kh2 Qh4+ 42. Kg1 Qf2+ 43. Kh2 Qh4+ 44. Kg1 Qf2+ 45. Kh2 Qh4+ 1/2-1/2

[Event "Foros Aerosvit 3rd"]
[Site "Foros"]
[Date "2008.06.15"]
[Round "7"]
[White "Nisipeanu, Liviu Dieter"]
[Black "Carlsen, Magnus"]
[Result "0-1"]
[WhiteElo "2684"]
[BlackElo "2765"]
[Annotator "Ftacnik,Lubomir"]
[PlyCount "74"]
[EventDate "2008.06.08"]
[EventType "tourn"]
[EventRounds "11"]
[EventCountry "UKR"]
[EventCategory "19"]
[SourceTitle "CBM 125"]
[Source "ChessBase"]
[SourceDate "2008.07.30"]
[SourceVersion "1"]
[SourceVersionDate "2008.07.30"]
[SourceQuality "1"]

1. e4 c5 2. Nf3 d6 3. d4 cxd4 4. Nxd4 Nf6 5. Nc3 g6 6. Be2 Bg7 7. O-O Nc6 8. Nb3 O-O 9. Kh1 a6 10. f4 b5 11. Bf3 Bb7 ({RR} 11... Bd7 12. a4 b4 13. Ne2 Rc8 14. a5 Bg4 15. Bxg4 Nxg4 16. Qd3 e6 17. h3 Nf6 18. Be3 Qc7 19. Ng3 Nb8 20. Rf2 Qc4 21. Rd1 Qxd3 22. Rxd3 d5 23. exd5 Nxd5 24. Bc5 Rfd8 25. f5 Bxb2 26. fxe6 {Barua,D (2515)-Hracek,Z (2605) Groningen 1997 ½-½ (37)}) ({RR} 11... e5 12. Nd5 exf4 13. Bxf4 Ne5 14. Bxe5 dxe5 15. a4 Be6 16. axb5 Bxd5 17. exd5 e4 18. Be2 axb5 19. Rxa8 Qxa8 20. c4 bxc4 21. Bxc4 Rc8 22. Qe2 Qa4 23. Nd2 Qb4 24. b3 Re8 25. Qe3 Qd6 26. Qg3 {Wahlstrom,L (2115)-Laith,K (2051) Gothenburg 2022 0-1 (58)}) 12. a4 $146 {Black's pieces are developed so harmoniously, that White's chances to get the advantage must be minimal.} (12. Qe1 Rc8 13. Nd5 Nxd5 14. exd5 Nd4 15. Nxd4 Bxd4 16. c3 Bg7 17. a4 Qd7 18. Qd1 Rc4 19. axb5 axb5 20. Qb3 Rfc8 {0-1 Koenig,I-Napolitano,M/Munich 1936 (49)}) (12. Be3 Nd7 13. Nd4 Na5 14. b3 Rc8 15. Qd2 Nc6 16. Nce2 Qc7 17. Rac1 Nxd4 18. Bxd4 e5 19. Ba1 Nc5 20. f5 Bxe4 21. f6 Bh8 22. Nc3 Bxf3 23. Rxf3 {1-0 Sznapik,A (2440)-Sax,G (2550)/Baile Herculane 1982 (42)}) (12. e5 dxe5 13. Nc5 Qb6 14. Nxb7 Qxb7 15. fxe5 Nd7 16. e6 fxe6 17. Ne4 Rad8 18. Qe1 Nde5 19. Ng5 Qc8 20. Qh4 h6 21. Ne4 Nd4 $19 {0-1 Cherniaev,A (2410)-Serper,G (2560)/St Petersburg 1994 (27)}) (12. Nd5 e6 13. Nxf6+ Bxf6 14. c3 Qc7 15. Be3 Rad8 16. Qe2 Nb8 17. Qf2 Nd7 18. Rfd1 Be7 19. Bd4 e5 20. Be3 exf4 21. Bxf4 Ne5 $11 {1-0 Barua,D (2528)-Bakre,T (2443)/Calicut 2003 (61)}) ({RR} 12. Be3 Na5 13. Nxa5 Qxa5 14. Bd4 b4 15. Nd5 Nxd5 16. exd5 Bxd4 17. Qxd4 Rac8 18. Rfe1 Rc7 19. f5 Qc5 20. Qxc5 Rxc5 21. Rxe7 Bxd5 22. Bxd5 Rxd5 23. fxg6 hxg6 24. Re2 Rc8 25. Kg1 Rdc5 26. Rd1 Rxc2 {Barcza,G-Gilg,K Liberec 1936 ½-½ (32)}) ({RR} 12. Qe1 Rc8 13. Nd5 Nxd5 14. exd5 Nd4 15. Nxd4 Bxd4 16. c3 Bg7 17. a4 Qd7 18. Qd1 Rc4 19. axb5 axb5 20. Qb3 Rfc8 21. Bd2 Ra4 22. Rxa4 bxa4 23. Qb4 Ba6 24. Re1 Rc7 25. Qa5 Bc8 26. Bg4 f5 {Koenig,I-Napolitano,M Munich 1936 0-1 (49)}) 12... b4 13. Nd5 Nxd5 {Both other alternative moves make an equally good impression, the only problem was the burden of choice.} (13... e6 14. Ne3 Qc7 15. Bd2 a5 $11) (13... Nd7 14. a5 (14. f5 e6 15. Nf4 Qe7 $15) 14... Rb8 15. Be3 $13) 14. exd5 Na5 15. c3 $5 {Nisipeanu felt, that his position could become endangered and thus he chooses somewhat shocking solution.} (15. Qd3 Rc8 16. Nd4 Qb6 17. Rd1 Qc5 18. Nb3 Nxb3 19. Qxb3 a5 20. c3 Ba6 21. cxb4 Qxb4 22. Qxb4 axb4 23. Rb1 b3 $17 {0-1 Boulay,D-Charbonneau,P/Montreal 1997 (79)}) (15. Nxa5 Qxa5 16. Re1 Bf6 17. Qd3 Rfc8 $15) 15... bxc3 16. bxc3 Rc8 (16... Bxc3 17. Rb1 Rb8 18. Be3 Nc4 19. Bd4 $15) 17. Rb1 Ba8 18. Nd2 $6 {White was playing really slowly at this stage and the insecurity has kept going till the last move. A much better idea was to crown his risky concept with the logical move 18.f5!? with chances for full compensation.} (18. f5 $5 Bxc3 (18... gxf5 19. Nd4 Qd7 20. Qd3 e6 21. Qxa6 $14) 19. Bh6 Bg7 20. Bxg7 Kxg7 21. Qd4+ Kg8 22. fxg6 hxg6 23. Nd2 $44) 18... Nc4 (18... Bxc3 19. Qe2 Qd7 20. Qxa6 Qxa4 21. Ne4 Qc2 $15) 19. Nxc4 Rxc4 20. Bd2 (20. Qd3 Qc7 21. Bd2 Rxa4 $15) 20... Qa5 21. Qe1 (21. Qe2 Bxd5 22. Qxe7 Bxf3 23. Rxf3 Qd5 24. Qe2 Rxa4 $17) 21... Bxd5 22. Be2 Qxa4 $1 {[%mdl 1024] Young Carlsen is well known for his positive attitude towards exchange sacrifices. At this moment the trade is nearly forced, but the consequences will be very pleasant for Black.} (22... Rxa4 23. c4 Bxg2+ 24. Kxg2 $13) 23. Bxc4 Bxc4 24. Rf2 (24. Rg1 Qc2 $17) 24... e6 25. Be3 (25. Rb4 Qc6 26. Be3 Qd5 $17) 25... Bd5 26. Rfb2 Qe4 27. Qd2 h5 {The optimal spread of the black forces is clearly favourable for the activity with two bishops.} (27... a5 $17) 28. Bd4 (28. Rb8 $2 Bxc3 $1 $19) 28... Bh6 29. Be3 $138 (29. Rb8 Bxf4 30. Rxf8+ Kxf8 31. Rb8+ Ke7 $19) 29... a5 $1 30. Rb8 $6 {Time trouble is seldom a relief in difficult positions. Nisipeanu would love to exchange the pieces in order to ease the pressure from his opponent.} (30. Ra1 Ra8 31. Kg1 e5 $17) 30... Kh7 31. h3 (31. Rxf8 $2 Qxb1+ $19) 31... Rxb8 32. Rxb8 Bg7 33. Bd4 Bxd4 34. cxd4 a4 $1 {The true consequence of exchanges is the situation, in which White has no way of preventing the black pawn from reaching the a2-square.} 35. Kh2 a3 36. Rb4 a2 37. Ra4 Qb1 {White is just able to stop the pawn from promoting, but not the disaster on the kingside.} (37... Qb1 38. Qc3 Qf1 $19) 0-1

[Event "Biel GM 41st"]
[Site "Biel"]
[Date "2008.07.25"]
[Round "5"]
[White "Carlsen, Magnus"]
[Black "Dominguez Perez, Leinier"]
[Result "1/2-1/2"]
[WhiteElo "2775"]
[BlackElo "2708"]
[PlyCount "48"]
[EventDate "2008.07.20"]
[EventType "tourn"]
[EventRounds "10"]
[EventCountry "SUI"]
[EventCategory "18"]
[SourceTitle "CBM 126"]
[Source "ChessBase"]
[SourceDate "2008.10.01"]
[SourceVersion "1"]
[SourceVersionDate "2008.10.01"]
[SourceQuality "1"]

1. e4 c5 2. Nf3 d6 3. d4 cxd4 4. Nxd4 Nf6 5. Nc3 a6 6. h3 e6 7. g4 b5 8. Bg2 Bb7 9. O-O Nc6 ({RR} 9... h6 10. Re1 e5 11. Nf5 g6 12. Ne3 Nbd7 13. a4 b4 14. Ncd5 Nxd5 15. Nxd5 a5 16. c3 bxc3 17. bxc3 Be7 18. Rb1 Bc6 19. Bf1 h5 20. Bb5 Bxb5 21. Rxb5 hxg4 22. hxg4 Bh4 23. Qf3 Nf6 24. Rb7 {Carlsen,M (2733)-Gelfand,B (2737) Nice 2008 1-0 (33)}) 10. Nxc6 ({RR} 10. Be3 Qc7 11. g5 Nd7 12. Qe2 Be7 13. Rae1 O-O 14. f4 Nxd4 15. Bxd4 e5 16. Be3 exf4 17. Bxf4 Ne5 18. Kh1 b4 19. Nd5 Bxd5 20. exd5 Ng6 21. Be3 Rac8 22. Qxa6 Ne5 23. Bf4 Ng6 24. Be3 Ne5 {Bharath,S (2437)-Aslanov,U (2019) Chess.com INT 2021 1-0 (57)}) 10... Bxc6 11. Re1 Nd7 12. Nd5 $146 ({RR} 12. b3 Be7 13. Be3 O-O 14. Ne2 Rc8 15. Rc1 Nc5 16. Bxc5 dxc5 17. Qxd8 Rfxd8 18. Rcd1 c4 19. Nd4 Be8 20. e5 Bb4 21. Rf1 Kf8 22. Bb7 Rc7 23. Nxb5 axb5 24. Rxd8 Rxb7 25. bxc4 Be7 26. Ra8 bxc4 {Miciano,J (2260)-Thilakarathne,G (2246) Chiangmai 2018 1-0 (44)}) ({RR} 12. a4 Be7 13. axb5 axb5 14. Rxa8 Qxa8 15. Qe2 Qb7 16. Nd5 Nc5 17. Bd2 Bd8 18. Nb4 Bd7 19. Be3 Qc8 20. Qd2 Nb7 21. Ra1 O-O 22. Ra7 Ba5 23. c3 Bc7 24. Na6 Bd8 25. c4 Be7 26. e5 Bc6 {Barbosa,E (2449)-Delgado Ramirez,N (2604) Florianopolis 2015 ½-½ (65)}) 12... Bb7 13. Qd4 Ne5 14. f4 Nc6 15. Qf2 exd5 16. exd5+ Ne7 17. a4 Kd7 18. Be3 Bxd5 19. Bb6 Qb8 20. Rxe7+ Bxe7 21. Bxd5 Bh4 22. Qd4 Bf6 23. Qf2 Bh4 24. Qd4 Bf6 1/2-1/2

[Event "Biel GM 41st"]
[Site "Biel"]
[Date "2008.07.28"]
[Round "7"]
[White "Carlsen, Magnus"]
[Black "Alekseev, Evgeny V"]
[Result "0-1"]
[WhiteElo "2775"]
[BlackElo "2708"]
[PlyCount "167"]
[EventDate "2008.07.20"]
[EventType "tourn"]
[EventRounds "10"]
[EventCountry "SUI"]
[EventCategory "18"]
[SourceTitle "CBM 126"]
[Source "ChessBase"]
[SourceDate "2008.10.01"]
[SourceVersion "1"]
[SourceVersionDate "2008.10.01"]
[SourceQuality "1"]

1. e4 e5 2. Nf3 Nc6 3. Bb5 Nf6 4. d3 Bc5 5. Nc3 O-O 6. Bxc6 dxc6 7. Nxe5 Qd4 8. Be3 Qxe5 9. d4 Qe7 10. dxc5 Nxe4 11. Qd4 Bf5 $146 ({RR} 11... Nxc3 12. Qxc3 Rd8 13. O-O Be6 14. Rfe1 Rd5 15. Qb4 b5 16. a4 a5 17. Qf4 b4 18. Rac1 Rad8 19. h3 h6 20. c3 b3 21. Qg3 Rd3 22. Qe5 R8d5 23. Qe4 Qd7 24. Qh4 Kh7 25. f4 Bf5 26. Qf2 {Danielyan,V (2220)-Harikrishna,P (2725) St Petersburg 2018 0-1 (51)}) 12. O-O-O Rad8 13. Qb4 Qe6 14. Kb1 b5 15. b3 Qe5 16. Nxe4 Bxe4 17. Bd4 Qf5 18. Qc3 f6 19. f3 Bd5 20. Rhe1 Rd7 21. Bf2 Rfd8 22. Rd4 h5 23. h3 Bf7 24. g4 hxg4 25. hxg4 Qg5 26. Kb2 Rxd4 27. Bxd4 Qd5 28. Rd1 b4 29. Qxb4 Qxf3 30. Rd2 Qxg4 31. Bc3 Qc8 32. Rg2 Bd5 33. Rg1 Qf5 34. Qb7 Kf7 35. Qxc7+ Rd7 36. Qc8 Be4 37. Qh8 Qh7 38. Qc8 Qf5 39. Rf1 Qe6 40. Qh8 Re7 41. Rd1 Re8 42. Qh2 Bf5 43. Rd2 Re7 44. Qb8 Rd7 45. Rf2 Bg6 46. Rh2 Qe8 47. Qg3 Qe4 48. Rg2 Re7 49. Rd2 Rb7 50. Qh2 Re7 51. Qb8 Bf5 52. a4 Bg6 53. a5 Bf5 54. a6 Bg6 55. Qg3 Bf5 56. Rg2 Bg6 57. Rh2 Bf5 58. Qb8 Bg6 59. Ka3 Bh7 60. Rd2 Bf5 61. Qh8 Qe3 62. Kb2 Qe4 63. Rf2 Qg4 64. Qh2 Bg6 65. Qd6 Qe6 66. Qxe6+ Kxe6 67. Ba5 Be4 68. c4 g5 69. Bd2 Rg7 70. Re2 f5 71. b4 g4 72. b5 cxb5 73. cxb5 g3 74. Re1 Kd5 75. Be3 Bd3 76. Rd1 Ke4 77. Rxd3 Kxd3 78. Bg1 f4 79. b6 f3 80. b7 Rg8 81. c6 f2 82. c7 fxg1=Q 83. c8=Q Qd4+ 84. Ka2 0-1

[Event "Biel GM 41st"]
[Site "Biel"]
[Date "2008.07.30"]
[Round "9"]
[White "Dominguez Perez, Leinier"]
[Black "Carlsen, Magnus"]
[Result "1/2-1/2"]
[WhiteElo "2708"]
[BlackElo "2775"]
[PlyCount "103"]
[EventDate "2008.07.20"]
[EventType "tourn"]
[EventRounds "10"]
[EventCountry "SUI"]
[EventCategory "18"]
[SourceTitle "CBM 126"]
[Source "ChessBase"]
[SourceDate "2008.10.01"]
[SourceVersion "1"]
[SourceVersionDate "2008.10.01"]
[SourceQuality "1"]

1. e4 c5 2. Nf3 g6 3. d4 Bg7 4. Nc3 cxd4 5. Nxd4 Nc6 6. Be3 Nf6 7. Bc4 O-O 8. Bb3 d6 9. f3 Bd7 10. Qd2 Rc8 11. O-O-O Ne5 12. Kb1 a6 13. h4 h5 14. g4 hxg4 15. h5 Nxh5 16. Bh6 e6 17. Rdg1 Qf6 18. fxg4 Bxh6 19. Qxh6 Qg7 20. Qe3 $146 ({RR} 20. Qg5 Nf6 21. Rh4 Rxc3 22. bxc3 Nxe4 23. Qe3 d5 24. Rgh1 Rc8 25. Ne2 g5 26. Rh8+ Qxh8 27. Rxh8+ Kxh8 28. Qd4 f6 29. c4 Nxc4 30. Ng3 Na3+ 31. Kb2 Nb5 32. Qg1 Nbd6 33. c4 Nxg3 34. Qxg3 Nxc4+ {Kumar,G (2210)-Mahjoob,M (2354) Abu Dhabi 2017 1-0 (75)}) ({RR} 20. Qg5 Nf6 21. Rh3 Rc5 22. Rgh1 Nexg4 23. Nf5 exf5 24. Nd5 Rxd5 25. Bxd5 fxe4 26. Bxe4 Nxe4 27. Qe7 Re8 28. Qxd7 Nef6 29. Qxd6 Nh5 30. Qd7 Ngf6 31. Qxb7 Re6 32. a3 Qf8 33. Rc3 Qe7 34. Qb8+ Ne8 {Beltran de Heredia Eguiaz,M (2224)-Prada Lopez,M (2077) Madrid 2018 ½-½ (59)}) 20... Nf6 21. g5 Nh5 22. Nde2 a5 23. Rxh5 gxh5 24. Nf4 Ng4 25. Qh3 Qd4 26. Nce2 Qxe4 27. Qxh5 a4 28. Rh1 Qxh1+ 29. Qxh1 axb3 30. axb3 Bc6 31. Qh4 Be4 32. Nc3 Bf5 33. Nh5 f6 34. Ng3 Rc7 35. Nxf5 exf5 36. gxf6 Nxf6 37. Qg5+ Kf7 38. Qxf5 Re7 39. b4 Re5 40. Qf2 Rd8 41. b3 Rd7 42. Kb2 Rde7 43. Qb6 Rd7 44. Qd4 Ke7 45. Qd3 Kf7 46. Nb5 Ke7 47. Nd4 Kf7 48. Qf3 Rh5 49. Nf5 Ke6 50. Nd4+ Kf7 51. Nf5 Ke6 52. Nd4+ 1/2-1/2